000 00661nam a22001937a 4500
005 20260604161758.0
010 _aENG-148758
020 _c550.00
_a9789361631719
035 _aEN-132290
037 _bDBAD
082 _a572
_21
100 _aShenbagam, M.
_989317
245 _aHandbooks on Fundamentals of Biochemistry/
_cM. Shenbagam
250 _a1
260 _aTamil Nadu, India
_bShanlax Publications
_c2024
270 _bTamil Nadu
_aShanlax Publications, Vasantha Nagar, Madurai, Tamil Nadu
_e625003
_mwww.shanlaxpublications.com
_mpublisher@shanlaxpublications.com
300 _a248p.
_c25cm (pb)
942 _2ddc
_cEN
_h572
_mSHE
_e1
999 _c216513
_d216513